Una residencia de invierno (Record no. 172928)

MARC details
000 -LEADER
campo de control de longitud fija 00574nam a22001455i 4500
001 - NÚMERO DE CONTROL
campo de control 172928
003 - IDENTIFICADOR DE NÚMERO DE CONTROL
campo de control ES-MaACL
005 - FECHA Y HORA DE LA ÚLTIMA TRANSACCIÓN
campo de control 20230906215058.0
008 - DATOS DE LONGITUD FIJA--INFORMACIÓN GENERAL
campo de control de longitud fija 090916s1882 sp |||| | spa d
245 04 - MENCIÓN DEL TÍTULO
Título Una residencia de invierno
Resto del título : estudio meteorológico y médico del clima de Alicante, como estación invernal /
Mención de responsabilidad, etc. publicado por la Sociedad Económica de Amigos del Pais.
260 ## - PUBLICACIÓN, DISTRIBUCIÓN, ETC.
Lugar de publicación, distribución, etc. Alicante :
Nombre del editor, distribuidor, etc. [s.n.],
Fecha de publicación, distribución, etc. 1882 (
Fabricante Antonio Reus)
300 ## - DESCRIPCIÓN FÍSICA
Extensión 31 p. ;
Dimensiones 25 cm.
710 2# - ENTRADA AGREGADA--NOMBRE DE ENTIDAD CORPORATIVA
Nombre de entidad corporativa o nombre de jurisdicción como elemento de entrada Sociedad Económica de Amigos del Pais de Alicante.
9 (RLIN) 141387
852 ## - LOCALIZACIÓN
Ubicación ES-MaACL
Número de control de estantería T-385-F-12
Holdings
Estatus retirado Estado de pérdida Estado de daño No para préstamo Colección Biblioteca de origen Biblioteca actual Ubicación en estantería Fecha de adquisición Fuente de adquisición Total de préstamos Signatura topográfica completa Código de barras Visto por última vez Precio de reemplazo Tipo de ítem Koha
        Colección de folletos Biblioteca del Ateneo de Madrid Biblioteca del Ateneo de Madrid Depósito folletos 16/09/2009     T-385-F-12 1181456 23/02/2023 23/02/2023 Folleto